Inclusión política de la comunidad migrante salvadoreña /
Este artículo es una primera aproximación al fenómeno de la emigración en El Salvador con énfasis en la cuestión política, de la cual se han hecho muy pocos estudio hasta hoy
Gardado en:
| Autor Principal: | |
|---|---|
| Formato: | Texto |
| Materias: | |
| Etiquetas: |
Engadir etiqueta
Sen Etiquetas, Sexa o primeiro en etiquetar este rexistro!
|
MARC
| LEADER | 00000 a a2200000 04500 | ||
|---|---|---|---|
| 001 | 5272 | ||
| 003 | |||
| 040 | |||
| 100 | |a Peraza, Xiomara | ||
| 245 | |a Inclusión política de la comunidad migrante salvadoreña / |c Xiomara Peraza | ||
| 520 | |a Este artículo es una primera aproximación al fenómeno de la emigración en El Salvador con énfasis en la cuestión política, de la cual se han hecho muy pocos estudio hasta hoy | ||
| 650 | |a MIGRACION | ||
| 650 | |a POLITICA | ||
| 650 | |a MIGRANTES | ||
| 650 | |a PARTICIPACION POLITICA | ||
| 650 | |a DEMOCRACIA | ||
| 650 | |a EL SALVADOR | ||
| 773 | |g volumen 63, número 713 -714; páginas 227-242 | ||
| 999 | |c 30181 |d 30181 | ||
